Music Quiz

Random Music or Letter Quiz

3-Word Bands (A-Z) Quiz Stats

Quiz Updated Mar 19, 2015

Also try: 2-Word Bands (A-Z)
Challenge
Share
Tweet
Score 0/25 Timer 06:00
5 Plays Today
% Correct
Creedence Clearwater Revival
75.9%
Goo Goo Dolls
74.2%
Right Said Fred
69.6%
Insane Clown Posse
64.7%
Dexy's Midnight Runners
63%
Kings of Leon
62.1%
Ace of Base
61.7%
Fall Out Boy
57%
Pet Shop Boys
56.5%
My Chemical Romance
50.8%
House of Pain
50.5%
Electric Light Orchestra
50.2%
Nine Inch Nails
47.4%
% Correct
Jimmy Eat World
44.7%
Ben Folds Five
42.2%
Stone Temple Pilots
42%
Los Lonely Boys
31.6%
Yeah Yeah Yeahs
29.5%
Ugly Kid Joe
22.6%
Three Dog Night
19.9%
Zager and Evans
10.5%
Our Lady Peace
9.6%
Quicksilver Messenger Service
7.3%
When in Rome
6.7%
Vinnie Vincent Invasion
3.4%

You're not logged in!

Compare scores with friends on all Sporcle quizzes.
Join for Free
OR
Log In

You Might Also Like...

Show Comments

Extras

Top Quizzes Today


Score Distribution

Your Account Isn't Verified!

In order to create a playlist on Sporcle, you need to verify the email address you used during registration. Go to your Sporcle Settings to finish the process.

Report this User

Report this user for behavior that violates our Community Guidelines.

Details: